000 00575nam a2200193Ia 4500
005 20260120124608.0
008 008 260114s9999 xx 000 0 eng d
020 _a9781848556720
037 _aEBOOK
040 _aCRL
_beng
_cCRL
041 _aeng
_2eng
084 _qCRL
245 0 _aBiennial Review of Health Care Management: Meso Perspective
260 _bEmerald Publishing
_c2009
700 _aGrant T. Savage
_9908183
856 _uhttps://www.emerald.com/insight/publication/doi/10.1108/S1474-8231(2009)8
942 _cEBOOK
999 _c1500072
_d1500072